[Event "EU-ch 2nd"]
[Site "Ohrid"]
[Date "2001.06.11"]
[Round "10"]
[White "Kortschnoj, Viktor Lvovich"]
[Black "Ionov, Sergey"]
[Result "1-0"]
[WhiteElo "2643"]
[BlackElo "2505"]
[Annotator "Ftacnik,L"]
[PlyCount "111"]
[EventDate "2001.06.01"]
[EventType "swiss"]
[EventRounds "13"]
[EventCountry "YUG"]
[SourceTitle "CBM 084"]
[Source "ChessBase"]
[SourceDate "2001.09.13"]
[SourceVersion "1"]
[SourceVersionDate "2001.09.13"]
[SourceQuality "1"]

1. d4 Nf6 2. c4 e6 3. Nf3 b6 4. a3 Bb7 5. Nc3 d5 6. Bg5 Be7 7. Bxf6 Bxf6 8.
cxd5 exd5 9. g3 O-O 10. Bg2 c5 11. O-O Na6 12. Qd2 (12. e3 Qe7 (12... Re8 13.
Qd2 cxd4 14. exd4 Nc7 15. Rfe1 Qd6 16. h4 Bc6 17. Qd3 g6 18. Bh3 Kg7 19. Rac1
Rxe1+ 20. Rxe1 Re8 21. Rxe8 Bxe8 22. Qe3 {1-0 Fedorowicz,J-Burnett,R/North Bay/
1998/ (48)}) 13. Qc2 Nc7 14. Rfd1 Rfd8 15. dxc5 bxc5 16. Rac1 Ne6 17. Ne1 {
1/2-1/2 Ivkov,B-Jelen,I/Borovo/1981/ (17)}) (12. Rb1 Qe7 13. e3 Rfd8 14. Qa4
Nc7 15. Rfd1 Rd6 16. b4 c4 17. Qc2 b5 18. Re1 Re8 {0-1 Beckmann,K-Aseev,K/
Muenster/1990/ (34)}) 12... Qe7 13. e3 Rfd8 14. Rfe1 (14. Rfd1 Nc7 15. Ne2 Ne6
16. b4 g6 17. Rab1 cxd4 18. Nfxd4 Nxd4 19. Nxd4 Rac8 20. Rbc1 Rc4 21. Ne2 {
1/2-1/2 Bezold,M-Fedorowicz,J/New York/1995/ (21)}) 14... Nc7 15. h4 h5 (15...
Ne6 16. Rad1) 16. Kh2 g6 17. Ng1 $5 Ne6 18. f4 {Kortschnoj plays very
orignally, his aim was to win control of the e5 square.} Ng7 (18... cxd4 $5 19.
exd4 Qd6 20. Nf3 a6 $13) 19. Nf3 Nf5 20. Ne5 Bg7 21. Qd3 a6 22. Na4 Qc7 (22...
c4 23. Qc3 Qc7 24. b3 f6 25. Nf3 Nd6 $13) 23. Rac1 c4 24. Qe2 Bf8 25. Nc3 b5 (
25... Kg7 26. Qc2 b5 27. Bh3 $13) 26. Bf3 Rd6 27. Qc2 Ng7 (27... Qe7 28. b3 Bg7
29. bxc4 dxc4 30. Bxb7 Qxb7 31. d5 Re8 $15) 28. b3 $1 {White can make progress
only if he breaks black's pawn structure in the center and the queenside.} Qe7
29. bxc4 (29. Qg2 $5 Rad8 (29... cxb3 30. Bxd5 b2 31. Rc2 Bxd5 (31... Rxd5 32.
Nxd5 Qd8 33. Nf6+ Qxf6 34. Qxb7 $18) 32. Nxd5 Qd8 33. Nc6 $16) 30. bxc4 bxc4
31. Nxc4 dxc4 32. Bxb7 $16) 29... dxc4 (29... bxc4 30. Rb1 Rc8 31. Qg2 $16) 30.
d5 Nf5 (30... Rc8 31. e4 Rdd8 32. a4 b4 33. Ne2 c3 34. Nd4 $14) 31. e4 Nd4 32.
Qf2 Nb3 (32... Nxf3+ $1 33. Qxf3 Rc8 34. a4 Qe8 35. axb5 axb5 36. Rb1 Rb6 $13)
33. Rcd1 Bg7 34. Nc6 $1 Bxc6 (34... Rxc6 35. dxc6 Bxc6 36. e5 Bxf3 37. Qxf3 $14
) 35. e5 {Small combination is helping white to advance his central pawns.} Bb7
(35... Rdd8 36. dxc6 Rac8 (36... Qxa3 $2 37. c7 $18) 37. a4 $14) 36. exd6 Qxd6
37. Ne4 Qxa3 38. d6 Nc5 (38... Bxe4 39. Rxe4 Rd8 40. d7 Bf6 41. Re8+ Kg7 42.
Qb6 $1 c3 43. Rxd8 Qb2+ 44. Kh3 c2 45. Rf1 Bxd8 46. Qxd8 $18) (38... Rd8 39. d7
(39. Qb6 Rd7 40. Nf6+ Bxf6 41. Bxb7 Nd4 $17) 39... Nd4 $2 (39... Qa5 40. Ng5
$16) 40. Rxd4 Bxd4 41. Qxd4 Qxf3 42. Nf6+ $18) 39. Qxc5 Qxf3 (39... Qxc5 40.
Nxc5 Bxf3 41. d7 Bf6 42. Re8+ Kg7 43. Rxa8 Bxa8 44. d8=Q Bxd8 45. Rxd8 $18) 40.
Qe3 $1 Qxe3 (40... Bxe4 41. Qxe4 Qf2+ 42. Qg2 Qxg2+ 43. Kxg2 $18) 41. Rxe3 Bxe4
42. Rxe4 Bf6 (42... Kf8 43. d7 Bf6 44. Rd6 Be7 45. Rc6 $18) 43. d7 $1 {White d
pawn is so strong, that black will not be able to create any counterplay with
his three queenside pawns.} Kg7 (43... Kf8 44. Rd6 Kg7 45. Rxf6 Kxf6 46. Re8
$18) 44. Re8 Rd8 (44... Bd8 45. Rd5 c3 46. Rc5 b4 47. Rc8 $18) 45. Rd6 c3 46.
Rxf6 Rxd7 (46... Kxf6 47. Rxd8 Ke7 48. Rc8 Kxd7 49. Rxc3 $18) 47. Rxa6 b4 (
47... Rc7 48. Re1 b4 49. Rb6 Rc4 50. Kg2 c2 51. Rc1 Kf8 52. Kf2 $18) 48. Rc6
Rd2+ 49. Kh3 Rb2 (49... c2 50. Rb8 $18) 50. Rec8 Rd2 51. Rc4 Rb2 52. R8c7 Kf6
53. g4 hxg4+ (53... Ke6 54. gxh5 gxh5 55. R7c5 $18) 54. Kxg4 Rb1 55. R7c6+ Kg7
56. Rb6 (56. Rb6 Rc1 57. Kf3 c2 58. Ke2 $18) 1-0

[Event "Horgen-B"]
[Site "Horgen"]
[Date "1995.??.??"]
[Round "2"]
[White "Cramling, Pia"]
[Black "Almasi, Zoltan"]
[Result "0-1"]
[WhiteElo "2510"]
[BlackElo "2630"]
[Annotator "Ftacnik,L"]
[PlyCount "88"]
[EventDate "1995.10.??"]
[EventType "tourn"]
[EventRounds "9"]
[EventCountry "SUI"]
[EventCategory "11"]
[SourceTitle "CBM 050"]
[Source "ChessBase"]
[SourceDate "1996.02.01"]
[SourceVersion "1"]
[SourceVersionDate "1996.02.01"]
[SourceQuality "1"]

1. d4 Nf6 2. c4 e6 3. Nf3 b6 4. a3 Bb7 5. Nc3 d5 6. Qc2 Be7 7. cxd5 Nxd5 8. Bd2
O-O 9. e4 Nxc3 10. Bxc3 Nd7 11. O-O-O c6 (11... c5 12. Bb5 (12. dxc5 Qc7 13.
cxb6 Nxb6 14. Kb1 Rac8 15. Rc1 Qd7 16. Ne5 Qe8 17. Qe2 Bf6 18. Qe3 Qa4 19. f4
Bxe4+ 20. Bd3 Bxd3+ 21. Qxd3 Nd5 22. Bd2 Nxf4 23. Bxf4 Qxf4 24. Nd7 {Dinstuhl,
V-Almasi,Z/Budapest Elekes (03)/1993/0-1 (41)} (24. Nd7 Qd4 25. Qxd4 Bxd4 26.
Nxf8 Rxf8 27. b4 f5 28. Rc7 g5 29. Rd7 e5 30. Rc1 Rf7 31. Rcc7 Rxd7 32. Rxd7 g4
33. Kc2 f4 34. Kd1 f3 35. gxf3 gxf3 36. b5 Bg1 37. a4 e4 38. Re7 e3 39. Ke1 e2
40. Rxa7 Bxa7 41. a5 Bc5 {0-1 Dinstuhl,V-Almasi,Z/Budapest Elekes (03) ;EXT 93
1993})) (12. d5 exd5 13. exd5 Bf6 $13) 12... a6 (12... Qc7 13. d5 exd5 14. exd5
Rfd8 15. Rhe1 Nf8 16. Qe4 Ng6 17. h4 Bf8 18. g3 a6 19. Ba4 b5 20. Bc2 {Piket,
J-Polugaevsky,L (4)/Aruba m/1994/1-0 (44)}) 13. Bxd7 Qxd7 14. dxc5 Qb5 (14...
Qc7 15. Ne5 Bxc5 16. Rd7 Qc8 17. Qd3 Bc6 18. Nxc6 Qxc6 19. Qg3 e5 20. Qxe5 Qh6+
21. Kb1 Qg6 22. f3 Qxg2 23. Rhd1 a5 24. h4 {Lputian,S-Anastasian,A/URS-OT56
Blagoveshchensk/1988/1-0 (50)}) (14... Qc6 15. Ne5 (15. cxb6 Rac8 $36) 15...
Qxe4 16. Nd7 Bg5+ 17. Kb1 Qxc2+ 18. Kxc2 Be4+ 19. Kb3 $16) 15. cxb6 (15. Ne5
Rfd8 16. cxb6 Qxb6 17. Kb1 f6 18. Rxd8+ Rxd8 19. Nf3 Rc8 20. Ka2 Bc5 21. Rf1 a5
22. Qa4 Bc6 23. Qxa5 Bxe4 24. Qxb6 Bxb6 {Bezold,M-Doering,T/BL 9394 (1994) ;BL
90 1994/1/2-1/2 (41)}) 15... Rac8 16. Nd4 Qxb6 17. f4 f5 18. exf5 exf5 19. Qb3+
Qxb3 20. Nxb3 Bxa3 21. bxa3 Rxc3+ {Likavsky,T-Debnar,L/SVK-chT 9394 (09) ;TD
94\03 1994/1-0 (39)}) (11... Qc8 12. h4 Rd8 (12... Nf6 13. Bd3 (13. Ng5 h6 14.
e5 hxg5 15. exf6 Bxf6 16. hxg5 Bxg5+ 17. Kb1 f5 $13) 13... c5 14. e5 Nd5 15.
Bxh7+ Kh8 16. Be4 Nxc3 17. Bxb7 Qxb7 18. Qxc3 Rac8 19. Kb1 cxd4 20. Qxd4 Bc5 $6
21. Qg4 $16) (12... c5 13. d5 exd5 14. exd5 Nf6 (14... Bf6 15. Ng5 g6 16. Bb5
$16) 15. Ng5 $16) 13. d5 $1 (13. Rh3 h6 (13... Nf6 $5 14. Bd3 c5 15. e5 Nd5 16.
Bxh7+ Kf8 $44) 14. d5 Nf6 15. Ng5 hxg5 16. hxg5 Ng4 17. f4 Bc5 18. Bxg7 Kxg7
19. Qc3+ e5 20. Be2 Bd6 21. f5 Rg8 22. Bxg4 Kf8 23. Qf3 c6 24. f6 {Akopian,
V-Granda Zuniga,J/Groningen PCA (03)/1993/0.5 (40)}) 13... Nf8 14. Rh3 $1 exd5
15. Rg3 g6 16. h5 $1 dxe4 17. Bc4 Qf5 18. Ne5 Rxd1+ 19. Qxd1 Ne6 20. hxg6 hxg6
21. Bxe6 Bg5+ 22. Rxg5 $1 Qxg5+ 23. Kb1 fxe6 24. Qd7 $18 {Lputian,S-Hjartarson,
J/Biel izt (13)/1993/1-0 (26)}) (11... Nf6 $5 12. Bd3 c5 13. e5 Nd5 14. Bxh7+
Kh8 15. dxc5 $5 Rc8 $13) 12. h4 (12. Bd3 b5 13. d5 $1 cxd5 14. exd5 Bxd5 15.
Bxh7+ Kh8 16. Rxd5 $1 exd5 17. Qf5 Bd6 18. Qh3 Bf4+ 19. Kb1 Nf6 20. Bf5+ Bh6
21. g4 $18) 12... b5 13. Kb1 (13. Rh3 a5 14. d5 cxd5 15. Bxb5 Nf6 (15... Rc8 $1
16. Ng5 $140 Bxg5+ 17. hxg5 Qxg5+ 18. Kb1 Nf6) 16. Ng5 $1 Qb6 $1 $8 17. exd5
Rac8 $1 (17... Qxb5 18. Bxf6 Rfc8 19. Bc3 g6 20. dxe6 Bxg5+ 21. hxg5 Qxg5+ 22.
Kb1 $16) (17... Rfc8 18. Bd7 Bxd5 19. Bxc8 Rxc8) 18. Bd7 Bxd5 $1 $44 {Kamsky,
G-Anand,V (04)/FIDE-cm1 Sanghi Nagar ;CBM 42 1994/0-1 (53)}) (13. e5 $5 {/\ Ng5
}) (13. Ng5 $6 {Dautov} h6 14. e5 hxg5 15. hxg5 Bxg5+ 16. Kb1 g6 $19) 13... a5
{Please note the new art of generating quick counterplay by opposite castels.
Anand have caused a small revolution in his match game against Kamsky.} 14. Be1
(14. d5 cxd5 15. Bxb5 (15. Ng5 dxe4 16. Bxb5 Bd5 17. Nxe4 Qc7 18. Ng5 Nf6 19.
Rd4 Rfc8 20. Rh3 Qb6 21. Qd3 h6 22. Nxf7 Kxf7 23. Rg3 Bf8 24. Rf4 Rxc3 25. bxc3
{Tregubov,P-Akesson,R/Cap d'Agde op ;EXT 94op 1994/1/2-1/2 (62)}) 15... Nf6 $13
) 14... b4 15. a4 Rc8 16. Ng5 c5 17. d5 (17. dxc5 Rxc5 18. Qe2 Qc7 $15) 17...
Bxg5 18. hxg5 (18. dxe6 fxe6 19. hxg5 Qe7) 18... exd5 19. exd5 g6 20. Bb5 (20.
f3 Qxg5 21. Bh4 Qf4 $13) 20... Nb6 21. d6 c4 (21... Bxg2 $5 22. Rh2 Bf3 23. Be2
Bd5 $17) 22. f3 c3 {Black needs a good arguments to outweight two white's B,
open h line and strong d P.} 23. b3 (23. bxc3 Nd5 $132) 23... Nd5 24. Bf2 (24.
d7 Ne3 $1 25. dxc8=Q Qxc8 $19) 24... Qxg5 25. d7 Rb8 (25... Rcd8 26. Bh4 Qxh4
27. Rxh4 Ne3 28. Qd3 c2+ 29. Qxc2 Nxc2 30. Kxc2 $16) 26. Bh4 Qf4 27. Rde1 Ne3
28. Rxe3 (28. Qd3 Nxg2 29. d8=Q Rbxd8 30. Bxd8 Nxe1 31. Rxe1 Qd2 $19) 28...
Qxe3 29. Re1 Qb6 30. Re8 Bd5 31. Ka2 (31. d8=Q $5 Rxd8 32. Bxd8 Qg1+ 33. Ka2
Rxe8 34. Bxe8 Be6 (34... Qd4 35. Bb5 Bxb3+ 36. Kxb3 Qxd8 37. Bc4) 35. Bc6 $13)
31... Rfxe8 32. dxe8=Q+ Rxe8 33. Bxe8 Qd4 34. Bg3 $8 (34. Bf2 Bxb3+ $1 35. Ka1
Qd5 $19) 34... Qd2 35. Kb1 Qe3 36. Bb5 Bxb3 37. Qxb3 Qg1+ 38. Ka2 (38. Kc2
Qxg2+ 39. Kd3 Qxf3+ $19) 38... Qxg2+ 39. Ka1 (39. Kb1 Qxg3 40. Bc6 Qe1+ 41. Kc2
Qd2+ 42. Kb1 h5 $19) 39... Qxg3 40. Qd1 Qf2 41. Be2 (41. Qe2 Qxe2 42. Bxe2 b3
43. Bc4 b2+ 44. Kb1 h5 45. Kc2 h4 $19) 41... b3 $1 42. Qxb3 Qxe2 43. Qxc3 Qd1+
44. Kb2 Qd8 0-1

[Event "Poikovsky Karpov 08th"]
[Site "Poikovsky"]
[Date "2007.03.17"]
[Round "3"]
[White "Dreev, Alexey"]
[Black "Jakovenko, Dmitrij"]
[Result "1/2-1/2"]
[WhiteElo "2658"]
[BlackElo "2691"]
[Annotator "Ftacnik,L"]
[PlyCount "67"]
[EventDate "2007.03.15"]
[EventType "tourn"]
[EventRounds "9"]
[EventCountry "RUS"]
[EventCategory "17"]
[SourceTitle "CBM 117"]
[Source "ChessBase"]
[SourceDate "2007.03.30"]
[SourceVersion "1"]
[SourceVersionDate "2007.03.30"]
[SourceQuality "1"]

1. d4 Nf6 2. c4 e6 3. Nf3 b6 4. Nc3 Bb7 5. a3 d5 6. cxd5 Nxd5 7. Qc2 Nxc3 8.
bxc3 c5 9. e4 Nc6 10. Bb2 cxd4 11. cxd4 Rc8 12. Bd3 $146 {[%mdl 8] Curiosly
enough this natural move was never played in tournament praxis, white clearly
intends Qe2.} (12. Qd2 Bd6 13. Bd3 O-O 14. O-O Re8 15. Rfd1 Na5 16. Qe2 f5 17.
d5 exd5 18. e5 g6 19. Bb5 Re6 20. Qd2 Bc5 {1/2 Sakaev,K (2647)-Grischuk,A 
(2702)/Moscow 2002/ (37)}) (12. Rd1 b5 (12... Bd6 13. d5 (13. Qb1 Qe7 14. Qa2
Na5 15. Bb5+ Bc6 16. Bxc6+ Rxc6 17. d5 exd5 18. Nd4 Rc5 19. e5 Qxe5+ 20. Ne2
Qg5 {0-1 Miles,A (2520)-Lautier,J (2450)/Lugano 1989/ (25)}) 13... exd5 14.
exd5 Qe7+ 15. Be2 Na5 16. Qa4+ Kd8 17. Bxg7 (17. Nd4 Rc4 18. Qb5 Re8 19. Kf1
Rc5 20. Qd3 Rxd5 21. Bf3 Rc5 22. Bxb7 Nxb7 {0-1 Petursson,M (2530)-Lautier,J 
(2365)/Marseille 1988/ (54)}) 17... Rg8 18. Qd4 Rc2 19. Bf6 Rxe2+ 20. Kf1 Ba6
21. Kg1 {1-0 Naumkin,I (2455)-Adorjan,A (2520)/Kusadasi 1990/ (27)}) 13. d5 Nd4
14. Nxd4 Rxc2 15. Bxb5+ Ke7 16. d6+ Kf6 17. Nxc2+ Kg6 18. Bd3 e5 19. d7 Bd6 20.
Ne3 Qxd7 21. f4 Rd8 {0-1 Lputian,S (2500)-Beliavsky,A (2630)/Minsk 1987/ (28)})
(12. Qa4 Be7 13. Bd3 O-O 14. O-O a6 15. Rac1 b5 16. Qd1 Bf6 17. Bb1 Na5 18. Qd3
g6 19. Rxc8 Qxc8 20. Rc1 Nc4 21. Ba1 Rd8 {0-1 Avrukh,B (2620)-Shomoev,A (2483)/
playchess.com INT 2004/ (109)}) 12... Nb4 (12... Nxd4 13. Qa4+ Nc6 14. Rd1 $5 (
14. Ne5 Bd6) (14. Bb5 a6 15. Bxa6 Bxa6 (15... Ra8 16. Bxb7 Rxa4 17. Bxc6+ Ke7
18. Bxa4 $18) 16. Qxa6 Be7 17. Bxg7 Rg8) 14... Qc7 15. O-O a6 16. Be5 Qe7 17.
Bxa6 Ra8 18. Bxb7 Qxb7 19. Qc2 Rxa3 20. Bb2 $14) 13. Qa4+ (13. Bb5+ $6 Ke7 $1 (
13... Bc6 14. Bxc6+ Rxc6 15. Qa4 Nd3+ 16. Kd2 Qd7 $11) 14. Qe2 Nc2+ 15. Kd2
Nxa1 16. Rxa1 f6 $17) 13... Bc6 14. Bb5 Qd7 (14... Nc2+ $2 15. Kd2 Bxb5 16.
Qxb5+ Qd7 17. Qxd7+ Kxd7 18. Ne5+ Ke8 19. Rac1 $18) 15. Bxc6 Nd3+ $1 {
Jakovenko rises to the challenge and jumps with the knight to the heart of
white's position.} (15... Nxc6 16. Rc1 $14) 16. Kd2 Rxc6 17. d5 (17. Kxd3 $2
Rc3+ $19) (17. Bc3 Bd6 18. g3 Nxf2 $17) 17... exd5 18. Nd4 Nxb2 {In later
rounds of Poikovsky event the opening was repeated by Dreev, but his opponent
has prepared well. His move 18..b5! is so strong, that 12.Bd3 line may have
lost the future.} (18... b5 $1 19. Qxb5 Rb6 20. Qxd7+ Kxd7 21. Kxd3 Rxb2 22.
Rhb1 (22. exd5 Bc5 23. Rhb1 Rhb8 24. Rxb2 Rxb2 25. Rf1 Kd6 $11) 22... dxe4+ 23.
Kxe4 Rb6 {1/2 Dreev,A (2658)-Bologan,V (2658)/Poikovsky/2007/}) 19. Qxc6 Qxc6
20. Nxc6 dxe4 21. Rhb1 (21. Nxa7 Bc5 22. Ke2 Nd3 23. f3 Nf4+ $11) 21... Nd3 22.
f3 (22. Nxa7 Bc5 23. f3 f5 $11) 22... Kd7 23. Nxa7 Bc5 24. fxe4 Nf2 25. a4 $6 {
This second rate move loses any advantage that white might have been hoping
for.} (25. Rf1 $5 Nxe4+ 26. Kd3 Nd6 27. a4 $14) 25... Nxe4+ 26. Kd3 f5 $1 27.
a5 (27. Nb5 Kc6 $14) 27... bxa5 28. Rxa5 {Dreev could not have realized his
intended idea of taking g7 pawn since black would have even won the game!} (28.
Rb7+ Ke6 29. Rxg7 $2 Rd8+ 30. Kc4 (30. Kc2 Rd2+ 31. Kb3 Bd4 $19) 30... Rd4+ 31.
Kb5 (31. Kb3 Rb4+ 32. Kc2 Bd4 $19) 31... Rd5 $1 32. Kc4 Nd2+ 33. Kb5 Bd4+ $19)
28... Rd8 29. Kc4 (29. Kc2 Ke8 30. Re1 Rd2+ 31. Kc1 Rd5 $11) 29... Nd2+ 30.
Kxc5 Nxb1 31. Nc6 Rc8 32. Ra7+ Rc7 33. Rxc7+ Kxc7 34. Nd4 (34. Nd4 g6 35. Ne6+
Kd7 36. Nf8+ Ke7 37. Nxh7 $11) 1/2-1/2

[Event "Samba Cup 2nd"]
[Site "Skanderborg"]
[Date "2005.10.21"]
[Round "7"]
[White "Miton, Kamil"]
[Black "Nisipeanu, Liviu Dieter"]
[Result "1-0"]
[WhiteElo "2636"]
[BlackElo "2707"]
[Annotator "Ftacnik,L"]
[PlyCount "85"]
[EventDate "2005.10.14"]
[EventType "tourn"]
[EventRounds "9"]
[EventCountry "DEN"]
[EventCategory "16"]
[SourceTitle "CBM 110"]
[Source "ChessBase"]
[SourceDate "2006.01.31"]
[SourceVersion "1"]
[SourceVersionDate "2006.01.31"]
[SourceQuality "1"]

1. d4 Nf6 2. Nf3 e6 3. c4 b6 4. a3 c5 5. d5 Ba6 6. Qc2 exd5 7. cxd5 g6 8. Nc3
Bg7 9. g3 O-O 10. Bg2 d6 11. O-O Re8 12. Re1 Nbd7 13. Bf4 Qe7 14. Qa4 Bb7 15.
Nb5 Ne5 16. Nxe5 dxe5 17. d6 {The whole line is strategically dangerous for
black, since his pieces are pressed down by the white dangerous passed pawn on
d6.} (17. Bg5 Qd7 18. e4 h6 19. Bxf6 Bxf6 20. Qc4 a6 21. Nc3 Qd6 22. a4 Bc8 23.
Qf1 h5 24. h4 Bg7 25. Bf3 {1/2-1/2 Lautier,J-Istratescu,A/Ohrid 2001/}) 17...
Qd7 18. Bxb7 Qxb7 19. Bg5 Qc6 (19... Rf8 20. Rad1 h6 21. Bxf6 Bxf6 22. e4 a6
23. Nc7 Rab8 24. Nd5 Bd8 25. f4 {1-0 Cebalo,M-Mikac,M/Bled 2001/ (34)}) 20. Qa6
(20. Bxf6 Bxf6 21. Qa6 Red8 22. e4 Rd7 (22... Bg7 23. Rad1 Bf8 24. Nc7 Rac8 25.
Qxa7 Rxd6 26. Rxd6 Bxd6 27. Nd5 b5 28. Rd1 {1-0 Riazantsev,A-Rodin,D/Voronezh
2003/ (43)}) 23. Rad1 Qc8 24. Qxc8+ Rxc8 25. Rd5 Rc6 26. f4 a6 27. fxe5 axb5
28. exf6 Rcxd6 29. Rxd6 Rxd6 30. e5 Rd2 {1/2-1/2 Pelletier,Y-Gelfand,B/Biel
2001/ (42)}) 20... Rad8 (20... Red8 21. a4 Rd7 22. Bxf6 Bxf6 23. a5 Bd8 24. e4
Qc8 25. Qxc8 Rxc8 26. a6 Bg5 27. Rad1 f6 28. Rf1 Bh6 29. f4 {1-0 Yakovich,
Y-Brynell,S/Gothenburg 2002/ (41)}) 21. a4 Rd7 22. Bxf6 Bxf6 23. a5 e4 $1 {
[%mdl 4] It must be sensible to open the space for the black bishop and
prepare some counterplay.} (23... c4 24. Nxa7 Qc5 25. Qb5 (25. axb6 Rxd6 26.
Ra4 Rxb6 27. Qxc4 Qxc4 28. Rxc4 Rxb2 $11) 25... Qxb5 26. Nxb5 bxa5 27. Rxa5 $14
) 24. Nxa7 Qxd6 25. Nc8 (25. axb6 $6 e3 26. f3 Rb8 $15) 25... Qc6 (25... Qe6
26. Nxb6 e3 27. f3 Bxb2 28. Rab1 Bd4 29. Qc4 $14) 26. Nxb6 e3 27. f3 (27. fxe3
$2 Bg5 $17) 27... Bxb2 28. Rab1 Bc3 $6 {The danger in the position for black
lays in the fact, that white needs to reach good coordination of pieces to get
advantage, and it is some way off.} (28... Rd2 $5 29. Qc4 Red8 30. Qb3 Bd4 31.
Nc4 Qe6 $13) 29. Rec1 Bd4 30. Qc4 (30. Qb5 Qxb5 31. Rxb5 Rb7 32. Kg2 f5 33. f4
$11) 30... Rd6 (30... Rdd8 31. Na4 Qc8 32. a6 Re7 33. Rb6 (33. Nxc5 Bxc5 34.
Qxc5 Rd1+ 35. Kg2 Qxc5 36. Rb8+ Kg7 37. Rxc5 Rd2 $11) 33... Rc7 34. Rcb1 Qf5
35. Rb7 $14) 31. Qb5 Re7 (31... Rb8 32. Qxc6 Rxc6 33. Nc4 Rb4 34. Kg2 Ra6 35.
f4 Bc3 $11) 32. Nc4 Qxb5 33. Rxb5 Rdd7 (33... Ra6 34. Rcb1 $14) 34. Kg2 {
Milton is laready better and Nisispeanu had to think hard how to complicate
access to his e3 pawn.} Ra7 35. Rcb1 Kg7 36. R1b3 h5 $6 (36... g5 37. g4 Re6
38. Kg3 $14) 37. f4 $1 Red7 38. Kf3 Re7 39. Rb6 Red7 40. a6 Rd8 (40... Re7 41.
Rb7 Rc7 42. Rxc7 Rxc7 43. Rb7 $18) 41. Rc6 Rda8 42. Rbb6 Re7 43. Nd6 $1 {
Suddenly black finds it impossible to stop the dangerous a pawn.} (43. Nd6 $1
Kf8 (43... Rd7 44. Rb7 Rdd8 (44... Ra7 45. Rxd7 Rxd7 46. Nb5 $18)) 44. Rc8+ (
44. Nb5 $18) 44... Rxc8 45. Nxc8 c4 46. Nxe7 Bxb6 47. Nc8 c3 48. Nxb6 c2 49. a7
c1=Q 50. a8=Q+ Kg7 51. Qa6 $18) 1-0

[Event "Samba Cup 2nd"]
[Site "Skanderborg"]
[Date "2005.10.18"]
[Round "5"]
[White "Jobava, Baadur"]
[Black "Carlsen, Magnus"]
[Result "0-1"]
[WhiteElo "2601"]
[BlackElo "2570"]
[Annotator "Ftacnik,L"]
[PlyCount "80"]
[EventDate "2005.10.14"]
[EventType "tourn"]
[EventRounds "9"]
[EventCountry "DEN"]
[EventCategory "16"]
[SourceTitle "CBM 110"]
[Source "ChessBase"]
[SourceDate "2006.01.31"]
[SourceVersion "1"]
[SourceVersionDate "2006.01.31"]
[SourceQuality "1"]

1. c4 Nf6 2. d4 e6 3. Nf3 b6 4. Bg5 h6 5. Bh4 Be7 6. Nc3 c5 7. e4 cxd4 8. Nxd4
d6 9. Ndb5 a6 10. e5 $5 $146 {Jobava was not satisfied with the result of his
opening battle with Ivanchuk and he comes up with interesting novelty.} (10.
Bxf6 Bxf6 11. Nxd6+ Ke7 12. Nxc8+ Qxc8 13. Na4 (13. Be2 Rd8 14. Qc1 Qc5 15. O-O
Nc6 16. Rd1 Rxd1+ 17. Qxd1 Bxc3 18. bxc3 Rd8 19. Qc2 Ne5 {1/2-1/2 Pantsulaia,
L-Volokitin,A/Beersheba 2005/ (27)}) 13... Rd8 14. Qb3 Nd7 15. Qa3+ Nc5 16. Be2
Qc6 17. Nxc5 Qxc5 18. b4 Qg5 19. Rd1 Qxg2 20. b5+ Ke8 21. Rxd8+ Rxd8 {0-1
Jobava,B-Ivanchuk,V/Havana 2005/ (30)}) 10... dxe5 (10... axb5 11. exf6 gxf6
12. Qf3 Ra5 13. cxb5 $14) 11. Bxf6 Bxf6 (11... axb5 12. Bxg7 Rg8 13. Qf3 Nc6
14. Bxh6 Bb7 15. cxb5 Na5 16. Qd1 $16) 12. Qf3 $1 {Ambitious and dangerous for
black since the rook can not be saved.} axb5 (12... e4 13. Qxe4 (13. Nxe4 axb5
14. Nxf6+ Qxf6 15. Qxa8 Qxb2 16. Rd1 Qc3+ 17. Rd2 Qa1+ 18. Rd1 Qc3+ $11) 13...
axb5 14. Qxa8 Bxc3+ 15. bxc3 Qc7 16. Qe4 $16) 13. Qxa8 b4 (13... Nd7 14. Nxb5
O-O 15. O-O-O $16) 14. Ne4 (14. Qxb8 bxc3 15. Rd1 Bd7 16. Qxd8+ Kxd8 17. bxc3
Kc7 18. Bd3 Ra8 $11) 14... Bd7 15. Nxf6+ (15. Nd6+ $5 Kf8 16. O-O-O Qc7 17. Qe4
$16) 15... gxf6 16. c5 {Both players are doing their best, white would like to
simplify the structure on the queenside.} (16. Qf3 Bc6 17. Qe2 (17. Qd1 Qd4)
17... Nd7 18. f3 f5 $14) 16... bxc5 17. Qa7 Nc6 (17... Qc8 18. Rc1 O-O 19. Qxc5
$16) 18. Qxc5 Nd4 19. O-O-O $2 (19. Bd3 Qe7 20. Qb6 O-O 21. O-O $14) 19... Qe7
$1 {[%mdl 1024] Carlsen will get tremendous positional compensation for the
exchange. White has no play while black pieces will control center and both
flanks.} 20. Qxe7+ (20. Qb6 O-O 21. Bd3 Bc6 $15) 20... Kxe7 21. Kb1 (21. Kd2
Bc6 22. f3 Bd5 $15) 21... Bc6 22. f3 (22. Rg1 Bd5 23. Bd3 Ra8 24. b3 Ra3 25.
Kb2 Kd6 $15) 22... Rg8 23. Rc1 f5 24. Rc4 Rb8 25. b3 (25. Rg1 Kd6 26. Rc1 e4
$17) 25... f4 26. Kb2 f5 27. h4 (27. Bd3 Bd5 28. Rc7+ Kd6 29. Rg7 e4 $17) 27...
Kd6 28. h5 Bd5 29. Rc1 e4 $1 {The mass of black forces in the center is truly
scary.} 30. fxe4 (30. Bc4 Bc6 31. Rhg1 e5 $17) 30... fxe4 31. Rh4 Ke5 (31...
Rf8 32. Rg4 Rf5 $17) 32. Rg4 e3 33. Rg6 (33. Re1 Nf5 34. Be2 Rd8 35. Rg6 Be4
36. Rd1 Rxd1 37. Bxd1 Bd3 $19) 33... Be4 34. Rxh6 Rg8 {White pieces are still
scattered and black coordination is reaching maximum impact.} (34... e2 35.
Bxe2 Nxe2 36. Rc5+ Kd6 37. Rc4 Bd3 $19) 35. Rc5+ Kd6 36. Rc4 Kd5 37. Kc1 (37.
Rxb4 e2 38. Bxe2 Rxg2 $19) 37... e2 38. Rxd4+ Kxd4 39. Bxe2 Rxg2 40. Bd1 (40.
Kd1 Ke3 41. Rg6 Bxg6 42. hxg6 Rg1+ $19) 40... Rxa2 (40... Rxa2 41. Rh8 Ke3 42.
Rd8 e5 43. h6 Ra6 $19) 0-1